鉄道事業者内の全路線が乗り入れる駅 - Statistics

General Stats
  • This quiz has been taken 419 times
    416 since last reset
  • The average score is 7 of 22
Answer Stats
Answer % Correct
仙台
87%
大通
79%
烏丸御池
70%
直江津
46%
瓦町
44%
飾磨
35%
宮津
33%
川跡
33%
千葉
32%
富士山
31%
福井口
29%
万博記念公園
27%
山下
26%
宝ヶ池
23%
はりまや橋
23%
千頭
20%
住吉
19%
柳川
19%
強羅
16%
北熊本
16%
日永
15%
六渡寺
8%
No matching quizzes found
Score Distribution
Percent of People with Each Score
Percentile by Number Answered
Your Score History
You have not taken this quiz since the last reset